| 000 | 00492 a2200169 4500 | ||
|---|---|---|---|
| 001 | 189471 | ||
| 020 | _a | ||
| 040 | _cMagnum | ||
| 100 | _aMinistério das Relações Exteriores | ||
| 240 | 1 | 0 |
_aFirst course for african diplomats _lING |
| 245 | 1 | 0 | _aFirst course for african diplomats |
| 300 | _a112 | ||
| 362 | 0 | _a2010 | |
| 440 | 1 | _aFundação Alexandre de Gusmão | |
| 697 | _aRELALÇÕES INTERNACIONAIS, POLÍTICA MUNDIAL. POLÍTICA INTERNACIONAL. POLÍTICA EXTERNA | ||
| 942 | _cBK | ||
| 999 |
_c189471 _d189471 |
||